| 000 | 00664cab a2200229 4500 | ||
|---|---|---|---|
| 001 | ABS55284 | ||
| 008 | 090401t xxu||||| |||| 00| 0 eng d | ||
| 035 | _a(Sirsi) u15443 | ||
| 041 | _aeng | ||
| 245 | _aCost update | ||
| 350 | _a0 | ||
| 490 |
_aBuilding _v261(7945) Procurement supplement 12-14(3) |
||
| 520 | _aA quarterly analysis of material prices, unit rates and labour costs compiled by Davis Langdon & Everest. | ||
| 650 | _aDAVIS LANGDON & EVEREST | ||
| 650 | _aLABOUR COSTS | ||
| 650 | _aMATERIAL PRICES | ||
| 650 | _aTENDER PRICES | ||
| 650 | _aUNIT RATES | ||
| 690 | _aBUILT ENVIRONMENT-BUILDING COSTS | ||
| 942 | _n0 | ||
| 948 | _c04/03/1997 | ||
| 999 |
_c10127 _d10127 |
||